000 00385nam a22001457a 4500
003 OSt
005 20160727222356.0
008 160622b xxu||||| |||| 00| 0 eng d
040 _ctest
100 _9547
_aMeyerson, A,
245 _aThe Wall Street Journal on Management
260 _aN.D
_bUniversal Book Stall
_c1985
300 _aThe Wall Street Journal on Management
942 _2ddc
_cBK
999 _c458
_d458